<?xml version="1.0" encoding="UTF-8"?>
<record
    xmlns:xsi="http://www.w3.org/2001/XMLSchema-instance"
    xsi:schemaLocation="http://www.loc.gov/MARC21/slim http://www.loc.gov/standards/marcxml/schema/MARC21slim.xsd"
    xmlns="http://www.loc.gov/MARC21/slim">

  <leader>00388nam a2200145Ia 4500</leader>
  <controlfield tag="008">230411s9999    xx            000 0 und d</controlfield>
  <datafield tag="020" ind1=" " ind2=" ">
    <subfield code="a">978-81-8448-697-1</subfield>
  </datafield>
  <datafield tag="041" ind1=" " ind2=" ">
    <subfield code="a">eng</subfield>
  </datafield>
  <datafield tag="082" ind1=" " ind2=" ">
    <subfield code="a">OG/618.2/JAC/B05734</subfield>
  </datafield>
  <datafield tag="100" ind1=" " ind2=" ">
    <subfield code="a">Jacob Annamma</subfield>
  </datafield>
  <datafield tag="245" ind1=" " ind2=" ">
    <subfield code="a">Maternal and Neonatal Nursing Care Plans</subfield>
  </datafield>
  <datafield tag="260" ind1=" " ind2=" ">
    <subfield code="b">Jaypee Brothers</subfield>
    <subfield code="a">St Louis</subfield>
    <subfield code="c">2009</subfield>
  </datafield>
  <datafield tag="300" ind1=" " ind2=" ">
    <subfield code="a">456P</subfield>
  </datafield>
  <datafield tag="999" ind1=" " ind2=" ">
    <subfield code="c">156227</subfield>
    <subfield code="d">156227</subfield>
  </datafield>
  <datafield tag="952" ind1=" " ind2=" ">
    <subfield code="0">0</subfield>
    <subfield code="1">0</subfield>
    <subfield code="4">0</subfield>
    <subfield code="7">0</subfield>
    <subfield code="8">OG</subfield>
    <subfield code="a">BTIN</subfield>
    <subfield code="b">BTIN</subfield>
    <subfield code="d">2009-08-31</subfield>
    <subfield code="e">Ahuja Book Company</subfield>
    <subfield code="g">495.00</subfield>
    <subfield code="i">268</subfield>
    <subfield code="l">0</subfield>
    <subfield code="o">OG 618.2 JAC B05734</subfield>
    <subfield code="p">BTIN-BK-5734</subfield>
    <subfield code="r">2023-04-11 00:00:00</subfield>
    <subfield code="v">356.00</subfield>
    <subfield code="w">2016-03-10</subfield>
    <subfield code="y">BK</subfield>
    <subfield code="z">B05734</subfield>
  </datafield>
  <datafield tag="952" ind1=" " ind2=" ">
    <subfield code="0">0</subfield>
    <subfield code="1">0</subfield>
    <subfield code="4">0</subfield>
    <subfield code="7">0</subfield>
    <subfield code="8">OG</subfield>
    <subfield code="a">BTIN</subfield>
    <subfield code="b">BTIN</subfield>
    <subfield code="d">2010-02-11</subfield>
    <subfield code="e">Jaypee Brothers Medical Publishers</subfield>
    <subfield code="g">495.00</subfield>
    <subfield code="i">268</subfield>
    <subfield code="l">0</subfield>
    <subfield code="o">OG 618.2 JAC B06087</subfield>
    <subfield code="p">BTIN-BK-6087</subfield>
    <subfield code="r">2023-04-11 00:00:00</subfield>
    <subfield code="v">359.00</subfield>
    <subfield code="w">2016-03-10</subfield>
    <subfield code="y">BK</subfield>
    <subfield code="z">B06087</subfield>
  </datafield>
  <datafield tag="952" ind1=" " ind2=" ">
    <subfield code="0">0</subfield>
    <subfield code="1">0</subfield>
    <subfield code="4">0</subfield>
    <subfield code="7">0</subfield>
    <subfield code="8">OG</subfield>
    <subfield code="a">BTIN</subfield>
    <subfield code="b">BTIN</subfield>
    <subfield code="d">2010-02-11</subfield>
    <subfield code="e">Jaypee Brothers Medical Publishers</subfield>
    <subfield code="g">495.00</subfield>
    <subfield code="i">268</subfield>
    <subfield code="l">2</subfield>
    <subfield code="m">2</subfield>
    <subfield code="o">OG 618.2 JAC B06088</subfield>
    <subfield code="p">BTIN-BK-6088</subfield>
    <subfield code="r">2024-05-04 00:00:00</subfield>
    <subfield code="s">2024-05-02</subfield>
    <subfield code="v">359.00</subfield>
    <subfield code="w">2016-03-10</subfield>
    <subfield code="y">BK</subfield>
    <subfield code="z">B06088</subfield>
  </datafield>
  <datafield tag="952" ind1=" " ind2=" ">
    <subfield code="0">0</subfield>
    <subfield code="1">0</subfield>
    <subfield code="4">0</subfield>
    <subfield code="7">0</subfield>
    <subfield code="8">OG</subfield>
    <subfield code="a">BTIN</subfield>
    <subfield code="b">BTIN</subfield>
    <subfield code="d">2013-03-21</subfield>
    <subfield code="e">Jaypee Brothers Medical Publishers</subfield>
    <subfield code="g">650.00</subfield>
    <subfield code="i">268</subfield>
    <subfield code="l">1</subfield>
    <subfield code="o">OG 618.2 JAC B07511</subfield>
    <subfield code="p">BTIN-BK-7511</subfield>
    <subfield code="r">2024-04-15 00:00:00</subfield>
    <subfield code="s">2024-04-04</subfield>
    <subfield code="v">474.00</subfield>
    <subfield code="w">2016-03-10</subfield>
    <subfield code="y">BK</subfield>
    <subfield code="z">B07511</subfield>
  </datafield>
  <datafield tag="952" ind1=" " ind2=" ">
    <subfield code="0">0</subfield>
    <subfield code="1">0</subfield>
    <subfield code="4">0</subfield>
    <subfield code="7">0</subfield>
    <subfield code="8">OG</subfield>
    <subfield code="a">BTIN</subfield>
    <subfield code="b">BTIN</subfield>
    <subfield code="d">2013-03-21</subfield>
    <subfield code="e">Jaypee Brothers Medical Publishers</subfield>
    <subfield code="g">650.00</subfield>
    <subfield code="i">268</subfield>
    <subfield code="l">1</subfield>
    <subfield code="m">1</subfield>
    <subfield code="o">OG 618.2 JAC B07512</subfield>
    <subfield code="p">BTIN-BK-7512</subfield>
    <subfield code="r">2024-04-19 00:00:00</subfield>
    <subfield code="s">2024-04-04</subfield>
    <subfield code="v">474.00</subfield>
    <subfield code="w">2016-03-10</subfield>
    <subfield code="y">BK</subfield>
    <subfield code="z">B07512</subfield>
  </datafield>
  <datafield tag="952" ind1=" " ind2=" ">
    <subfield code="0">0</subfield>
    <subfield code="1">0</subfield>
    <subfield code="4">0</subfield>
    <subfield code="7">3</subfield>
    <subfield code="8">OG</subfield>
    <subfield code="a">BTIN</subfield>
    <subfield code="b">BTIN</subfield>
    <subfield code="d">2018-12-21</subfield>
    <subfield code="e">Patil Medical Book House</subfield>
    <subfield code="g">1095.00</subfield>
    <subfield code="i">268</subfield>
    <subfield code="o">OG 618.2 JAC B09026</subfield>
    <subfield code="p">BTIN-BK-9026</subfield>
    <subfield code="r">2023-04-11 00:00:00</subfield>
    <subfield code="v">744.60</subfield>
    <subfield code="w">2016-03-10</subfield>
    <subfield code="y">BK</subfield>
    <subfield code="z">B09026</subfield>
  </datafield>
  <datafield tag="952" ind1=" " ind2=" ">
    <subfield code="0">0</subfield>
    <subfield code="1">0</subfield>
    <subfield code="4">0</subfield>
    <subfield code="7">0</subfield>
    <subfield code="8">OG</subfield>
    <subfield code="a">BTIN</subfield>
    <subfield code="b">BTIN</subfield>
    <subfield code="d">2018-12-21</subfield>
    <subfield code="e">Patil Medical Book House</subfield>
    <subfield code="g">1095.00</subfield>
    <subfield code="i">268</subfield>
    <subfield code="l">4</subfield>
    <subfield code="m">1</subfield>
    <subfield code="o">OG 618.2 JAC B09027</subfield>
    <subfield code="p">BTIN-BK-9027</subfield>
    <subfield code="r">2024-10-01 00:00:00</subfield>
    <subfield code="s">2024-09-24</subfield>
    <subfield code="v">744.60</subfield>
    <subfield code="w">2016-03-10</subfield>
    <subfield code="y">BK</subfield>
    <subfield code="z">B09027</subfield>
  </datafield>
</record>
